Takto sa to podarí recepty na duševnú pohodu

Bibliographic Details
Main Author: Šimková, Janette, 1974- (Author)
Format: Book
Language:Slovak
PhysicalDescription:191 strán 21 cm
Published: Bratislava Slovart 2021
ISBN:9788055650401
Edition:Prvé slovenské vydanie
Subjects:

MARC

LEADER 00000cam a2200000 4500
001 vtls012053598
003 SK-MaSNL
005 20260301080454.0
008 210511s2021 xo grf 010 0dslo
015 |a SNBA2021/10 
020 |a 9788055650401  |q (brožované) 
040 |a SNK  |b slo  |c SNK  |e rda 
041 0 |a slo 
044 |a xo  |c SK 
072 7 |a 159.92  |x Vývinová psychológia. Psychológia osobnosti  |2 konspekt 
080 |a 165.242.1  |2 2011 
080 |a 159.923.5  |2 2011 
080 |a 316.728-021.465  |2 2011 
080 |a 159.923.2  |2 2011 
080 |a (0.062)  |2 2011 
100 1 |a Šimková, Janette,  |d 1974-  |4 aut  |9 234278 
245 1 0 |a Takto sa to podarí  |b recepty na duševnú pohodu  |c Janette Šimková 
250 |a Prvé slovenské vydanie 
264 1 |a Bratislava  |b Slovart  |c 2021 
300 |a 191 strán  |c 21 cm 
336 |a text  |b txt  |2 rdacontent 
337 |a bez média  |b n  |2 rdamedia 
338 |a zväzok  |b nc  |2 rdacarrier 
500 |a Obsahuje biografické údaje o autorke 
650 0 7 |a sebapoznanie  |2 SNKPH  |9 4292 
650 0 7 |a rozvoj osobnosti  |2 SNKPH  |9 63298 
650 0 7 |a kvalita života  |2 SNKPH  |9 1705 
650 0 7 |a sebaúcta  |2 SNKPH  |9 28939 
650 0 7 |a Self-consciousness  |2 SNKPHeng  |9 281701 
650 0 7 |a Personality development  |2 SNKPHeng  |9 275896 
650 0 7 |a Quality of life  |2 SNKPHeng  |9 265996 
650 0 7 |a Self-respect  |2 SNKPHeng  |9 371150 
655 7 |a populárno-náučné publikácie  |2 SNKPH  |9 70460 
655 7 |a Popular works  |2 SNKPHeng  |9 90287 
852 |a Štátna vedecká knižnica v Banskej Bystrici 
919 |a 978-80-556-5040-1 
999 |c 653276  |d 655206 
952 |a SNK  |b SNK  |y PREZ  |7 0  |p 17A1457416  |o snkSC 193988  |i snk2021/11639  |8 0  |0 0  |1 0  |4 0  |d 2021-09-06  |f 1  |l 0  |r 2025-10-10 00:00:00  |w 2026-02-23 
952 |a SNK  |b SNK  |y VYP  |7 0  |p 17A1457417  |o snkSC 193988 D1  |i snk2021/11641  |8 0  |0 0  |1 0  |4 0  |d 2021-09-06  |l 0  |r 2026-02-23 18:28:10  |w 2026-02-23